Missed marks: This is no longer the 20th century (Record no. 518999)

000 -LEADER
fixed length control field 01404nam a22001577a 4500
008 - FIXED-LENGTH DATA ELEMENTS--GENERAL INFORMATION
fixed length control field 220118b ||||| |||| 00| 0 eng d
100 ## - MAIN ENTRY--PERSONAL NAME
Personal name Abdo, Alexandre Hannud
245 ## - TITLE STATEMENT
Title Missed marks: This is no longer the 20th century
260 ## - PUBLICATION, DISTRIBUTION, ETC. (IMPRINT)
Place of publication, distribution, etc Social Science Information
300 ## - PHYSICAL DESCRIPTION
Extent 60(3), Sep, 2021: p.318-323
520 ## - SUMMARY, ETC.
Summary, etc Following an invitation by the editors of Social Science Information to react to an article by Olof Hallonsten, this article joins a debate about ways of evaluating science in our current context. This article presents an argument in support of the following four assertions and their importance to properly approach today the transformations of science evaluation and governance in the last decades: (a) scientific communities have failed to update their self-governance as societies transitioned from ‘rural-labor societies’ to ‘urban-knowledge societies’; (b) the ensuing discrepancy from expectations contributed to the economization of science; (c) we must consider two distinct processes of democratization; and (d) geopolitics plays an important role in the establishment of commodification in wealthy nations. – Reproduced
650 ## - SUBJECT ADDED ENTRY--TOPICAL TERM
Topical term or geographic name as entry element knowledge society, Open science, Research evaluation, Responsible research and innovation, Sociology of science
9 (RLIN) 29127
773 ## - HOST ITEM ENTRY
Main entry heading Social Science Information
906 ## - LOCAL DATA ELEMENT F, LDF (RLIN)
Subject DIP SCIENCE AND TECHNOLOGY
942 ## - ADDED ENTRY ELEMENTS (KOHA)
Item type Articles
Holdings
Withdrawn status Lost status Source of classification or shelving scheme Damaged status Not for loan Permanent location Current location Date acquired Serial Enumeration / chronology Barcode Date last seen Koha item type
          Indian Institute of Public Administration Indian Institute of Public Administration 2022-01-18 60(3), Sep, 2021: p.318-323 AR126041 2022-01-18 Articles

Powered by Koha